00438nam a2200181Ia 4500003000400000005001700004008004100021020001500062040000700077041000800084082001500092100003100107245004300138250000600181260003800187300001800225365001300243OSt20230426121535.0210423s2001 xx 000 0 und d a8131502880 cAL aeng a519.5 ANDD aANDERSON (David R);others. aStatistics for business and economics. a9 aNew DelhibCengage Learningc2001 axxvi,1023bPB b538cINR